[Event "Qatar Masters Open 2024"]
[Site "Doha QAT"]
[Date "2024.12.12"]
[Round "9.64"]
[White "Abdulla, Murad"]
[Black "Jaiveer, Mahendru"]
[Result "1-0"]
[WhiteTitle "FM"]
[BlackTitle "FM"]
[WhiteElo "2321"]
[BlackElo "2271"]
[WhiteFideId "2403757"]
[BlackFideId "25611151"]
[EventDate "2024.12.03"]

1. e4 e5 2. Nf3 Nc6 3. Bc4 Bc5 4. c3 Nf6 5. d4 exd4 6. cxd4 Bb4+ 7. Nbd2 Bxd2+
8. Bxd2 Nxe4 9. d5 Ne7 10. Bb4 O-O 11. O-O d6 12. Re1 a5 13. Rxe4 axb4 14. Qe1
Ng6 15. Qxb4 c5 16. dxc6 bxc6 17. Re3 Ra5 18. Qd2 Rh5 19. b4 Bg4 20. Bf1 f5 21.
Rc1 f4 22. Rd3 Bxf3 23. Rxf3 Qf6 24. Rxc6 Ne5 25. Bc4+ Kh8 26. Rxf4 Rf5 27. Rxf5
Qxf5 28. Rc7 h5 29. Bd5 Nd3 30. Bf3 Re8 31. h3 Re1+ 32. Kh2 Rf1 33. Qe2 Re1 34.
Qd2 Rf1 35. Qe3 Re1 36. Qd4 Ne5 37. Rc3 Qb1 38. Bxh5 Rh1+ 39. Kg3 Qf5 40. Bg4
Qg6 41. Qf4 Ra1 42. a3 Kg8 43. Qf5 Qxf5 44. Bxf5 Kf7 45. f4 1-0

[Event "Qatar Masters Open 2024"]
[Site "Doha QAT"]
[Date "2024.12.12"]
[Round "9.65"]
[White "Luong Phuong Hanh"]
[Black "Tissir, Mohamed"]
[Result "1/2-1/2"]
[WhiteTitle "WIM"]
[BlackTitle "IM"]
[WhiteElo "2225"]
[BlackElo "2342"]
[WhiteFideId "12401013"]
[BlackFideId "9000240"]
[EventDate "2024.12.03"]

1. d4 Nf6 2. Nf3 g6 3. Bf4 Bg7 4. e3 O-O 5. h3 d6 6. Nbd2 Nc6 7. Be2 Nd7 8. O-O
e5 9. dxe5 dxe5 10. Bg3 Qe7 11. c3 a5 12. Qc2 Kh8 13. Bh4 f6 14. Rab1 g5 15. Bg3
f5 16. Rfe1 e4 17. Nd4 Nce5 18. Bh2 Nc5 19. Bxe5 Bxe5 20. Nc4 Bg7 21. b4 axb4
22. cxb4 Ne6 23. Nxe6 Bxe6 24. Na5 c5 25. Bc4 cxb4 26. Bxe6 Qxe6 27. Nb3 Rfc8
28. Qe2 Bc3 29. Red1 f4 30. Nd4 Qg6 31. Qb5 Rc7 32. Qd5 Re7 33. Nf5 Rf7 34. Nd4
Re8 35. Qc4 Rg8 36. Ne6 g4 37. Nxf4 Rxf4 38. exf4 gxh3 39. g3 e3 40. Rd3 e2 41.
Kh2 e1=Q 42. Rxe1 Bxe1 43. Qd4+ Qg7 44. Qe3 Bc3 45. a3 bxa3 46. Rxc3 a2 47. Qc1
Qd4 48. Ra3 Qxf2+ 49. Kxh3 h5 50. Qd1 Qc5 51. Rxa2 Qf5+ 52. Kh2 h4 53. Qd4+ Kh7
54. Rg2 Rg4 55. Qb6 hxg3+ 56. Rxg3 Qc2+ 57. Kh3 Rxg3+ 58. Kxg3 Qd3+ 59. Kg4 Qe2+
60. Kf5 Qh5+ 61. Ke4 Qe2+ 62. Kf5 Qh5+ 63. Ke4 Qg6+ 1/2-1/2

[Event "Qatar Masters Open 2024"]
[Site "Doha QAT"]
[Date "2024.12.12"]
[Round "9.66"]
[White "Adireddy, Arjun"]
[Black "Omar, Noaman"]
[Result "1/2-1/2"]
[WhiteTitle "FM"]
[BlackTitle "IM"]
[WhiteElo "2336"]
[BlackElo "2315"]
[WhiteFideId "25647709"]
[BlackFideId "9300244"]
[EventDate "2024.12.03"]

1. e4 c6 2. d4 d5 3. Nc3 dxe4 4. Nxe4 Nf6 5. Nxf6+ exf6 6. c3 Bd6 7. Bd3 O-O 8.
Qc2 Re8+ 9. Ne2 h5 10. Be3 h4 11. h3 Nd7 12. O-O-O b5 13. d5 c5 14. Kb1 Rb8 15.
Rhe1 Re7 16. Bf4 Ne5 17. Be4 a5 18. Ka1 Qe8 19. g3 Nc4 20. Bf3 Bxf4 21. gxf4 Nd6
22. Qd2 b4 23. Nc1 Rbb7 24. Nd3 Qb5 25. cxb4 axb4 26. Rxe7 Rxe7 27. Rc1 Nc4 28.
Qd1 Bf5 29. Be2 Nxb2 30. Kxb2 c4 31. Ne5 c3+ 32. Ka1 Qc5 33. Nc6 Re8 34. Qd4
Qxd4 35. Nxd4 Bxh3 36. Bf3 Bd7 37. Nc2 b3 38. axb3 Ra8+ 39. Kb1 Bf5 40. Re1 Rb8
41. Kc1 Rxb3 42. Re8+ Kh7 43. Be4 Bxe4 44. Rxe4 g5 45. d6 h3 46. fxg5 fxg5 47.
Re1 Rb6 48. Rh1 Rxd6 49. Rxh3+ Kg6 50. Rxc3 Rf6 51. f3 Rf4 52. Ne1 Ra4 53. Nd3
f6 54. Kd2 g4 55. Ke3 gxf3 56. Kxf3 Ra7 57. Nf4+ Kf7 58. Rc6 Rb7 59. Nd5 Kg7 60.
Kf4 Rb5 61. Nxf6 Kf7 62. Ke4 Ra5 63. Nd5 Ra1 64. Rf6+ Kg7 65. Rb6 Kf7 66. Kf5
Rf1+ 67. Nf4 Ke7 68. Rb2 Kd6 69. Rd2+ Kc5 70. Rd8 Kc6 71. Rd4 Kc5 72. Re4 Kd6
73. Re2 Rd1 74. Rf2 Kc5 75. Ng6 Kd6 76. Kf6 Kd5 77. Rf4 Re1 78. Ne7+ Kc5 79. Nf5
Kd5 80. Rd4+ Kc5 81. Rd2 Rf1 82. Rd8 Kc6 83. Rd3 Kc5 84. Ke5 Re1+ 85. Ne3 Kc6
86. Ra3 Re2 87. Rc3+ Kd7 88. Rd3+ Kc6 89. Kd4 Rh2 90. Rc3+ Kd6 91. Nc4+ Ke6 92.
Re3+ Kf6 93. Kd5 Rh1 94. Re6+ Kg5 95. Nd6 Ra1 96. Ne4+ Kf4 97. Rf6+ Ke3 98. Rh6
Ra5+ 99. Nc5 Kf4 100. Rh8 Ke3 101. Re8+ Kf3 102. Kd4 Ra7 103. Rf8+ Ke2 104. Rh8
Kf3 105. Rh3+ Kg4 106. Rh1 Ra8 107. Rf1 Ra5 108. Rf8 Ra1 109. Ke5 Ra5 110. Kd5
Kg3 111. Rf5 Ra8 112. Kd4 Kg4 113. Rf7 Ra1 114. Ke4 Re1+ 115. Kd5 Rd1+ 116. Ke5
Ra1 117. Rf4+ 1/2-1/2

[Event "Qatar Masters Open 2024"]
[Site "Doha QAT"]
[Date "2024.12.12"]
[Round "9.67"]
[White "Ezat, Mohamed"]
[Black "Binu, Devdutt"]
[Result "1-0"]
[WhiteTitle "IM"]
[BlackTitle "CM"]
[WhiteElo "2312"]
[BlackElo "2274"]
[WhiteFideId "10600906"]
[BlackFideId "366108941"]
[EventDate "2024.12.03"]

1. d4 Nf6 2. c4 g6 3. Nc3 d5 4. Bf4 Bg7 5. Rc1 O-O 6. e3 c5 7. dxc5 Qa5 8. cxd5
Ne4 9. Ne2 Nxc5 10. Nd4 Rd8 11. Nb3 Nxb3 12. Qxb3 Na6 13. a3 Bf5 14. Bxa6 Qxa6
15. f3 Bd3 16. Kf2 Bc4 17. Qb4 Bxd5 18. Rhd1 Bc6 19. Qxe7 Qb6 20. Qb4 Qxb4 21.
axb4 a6 22. Bc7 Rxd1 23. Rxd1 Rc8 24. Bb6 Be5 25. Rd2 Bxc3 26. bxc3 Kf8 27. g4
Ke7 28. g5 Bb5 29. Bc5+ Ke8 30. Rd4 Rc6 31. Re4+ Re6 32. Rh4 b6 33. Bd4 a5 34.
Rxh7 a4 35. Rh8+ Kd7 36. Ra8 Kc7 37. c4 Kb7 38. Rf8 Be8 39. Bb2 Kc6 40. e4 Kd7
41. b5 Rd6 42. Ke2 Kd8 43. h4 Kd7 44. Rg8 Kd8 45. Rh8 Kd7 46. h5 gxh5 47. Rxh5
Kd8 48. Rh1 Rd7 49. Bf6+ Kc7 50. Rh8 1-0

[Event "Qatar Masters Open 2024"]
[Site "Doha QAT"]
[Date "2024.12.12"]
[Round "9.68"]
[White "Yakubbaeva, Nilufar"]
[Black "Socko, Monika"]
[Result "1/2-1/2"]
[WhiteTitle "WGM"]
[BlackTitle "GM"]
[WhiteElo "2241"]
[BlackElo "2402"]
[WhiteFideId "14204487"]
[BlackFideId "1106619"]
[EventDate "2024.12.03"]

1. d4 Nf6 2. Nf3 g6 3. Nbd2 d5 4. b4 Bg7 5. Bb2 O-O 6. e3 a5 7. b5 a4 8. Rc1 c6
9. Ba3 Bg4 10. c4 Nbd7 11. bxc6 bxc6 12. Be2 Re8 13. O-O Qa5 14. h3 Bxf3 15.
Nxf3 Ne4 16. Qc2 e6 17. Bd3 Nef6 18. cxd5 cxd5 19. Qc7 Bf8 20. Bxf8 Rxf8 21.
Qxa5 Rxa5 22. Rb1 Ra7 23. Rfc1 Rd8 24. Kf1 Kf8 25. Ke2 Ke7 26. Rb4 a3 27. Rc3
Kd6 28. Rbb3 Rda8 29. Ne1 Ne4 30. Bxe4 dxe4 31. Nc2 Nf6 32. Rxa3 Nd5 33. Rcb3
Rxa3 34. Nxa3 Kc6 1/2-1/2